| 000 | 00828nam a2200217 a 4500 | ||
|---|---|---|---|
| 001 | 001081056 | ||
| 003 | AM-YeHGA | ||
| 005 | 20250617151348.0 | ||
| 008 | 150522s1980 ru r 000 0 rus d | ||
| 040 | _aAM-YeHGA | ||
| 041 | 0 | _arus | |
| 100 | 1 | _aИванова, Валентина Андреевна | |
| 245 | 1 | 0 |
_aРадуга над Волгой / _cВалентина Иванова, Михаил Иванов ; Худож. В.И. Харламов. |
| 260 |
_aМосква : _bСов. Россия, _c1980. |
||
| 300 |
_a192 с., : _bцв. ил., [8] л. ил. |
||
| 440 | 0 | _aВ семье российской, братской | |
| 650 | 1 | 4 | _aЧувашская литература |
| 700 | 1 | _aИванов, Михаил Иванович | |
| 700 | 1 |
_aХарламов, В.И. _eхуд. _4ill |
|
| 090 | _c351537 | ||
| 999 |
_c349726 _d349726 |
||